| 000 | 00412nam a2200181Ia 4500 | ||
|---|---|---|---|
| 008 | 170705s9999 xx 000 0 und d | ||
| 020 | _a590108964 | ||
| 245 | _aJulius : | ||
| 245 | _bthe baby of the world / | ||
| 245 | _cKevin Henkes. | ||
| 260 | _aNew York : | ||
| 260 | _bScholastic, | ||
| 260 | _c1990 | ||
| 300 | _aunpaged : | ||
| 300 | _bcolor illustration ; | ||
| 300 | _c25cm. | ||
| 500 | _a460 | ||
| 999 |
_c336966 _d336966 |
||